| Registos Bibliográficos associados ao registo de autoridade |
|
Etiqueta de registo: 00917cam 2200241 450 001 322130 003 http://id.bnportugal.gov.pt/bib/catbnp/322130 005 19981229000000.0 095 ## $aPTBN00338212 100 ## $a19910607d1990 k y0pory0103 ba 101 0# $apor 102 ## $aPT 105 ## $aa m 001yy 106 ## $ar 200 1# $aArtropatia hemofílica$bTexto policopiado]$e o papel da ciência imagiológica no seu diagnóstico e tratamento$fPaulo Alexandre de Matos da Silva Almeida 210 #9 $aCoimbra$c[s.n.],$d1990 215 ## $a75 f.$cil.$d29 cm 320 ## $aBibliografia, f. 66-75 328 ## $aTrabalho de síntese para prestação de provas de aptidão pedagógica e capacidade científica
apresentado à Fac. de Medicina da Univ. de Coimbra 675 ## $a616.72-073/-08(043.2)$vBN$zpor$3472582 675 ## $a616.151.5-073/-08(043.2)$vBN$zpor$3472583 700 #1 $aAlmeida,$bPaulo Alexandre de Matos da Silva$326690 801 #0 $aPT$bBN$gRPC 966 ## $lBN$mFGMON$sS.A. 71075 V.$x1
Etiqueta de registo: 00254nam 2200025 450 001 2284546 003 http://id.bnportugal.gov.pt/bib/catbnp/2284546 100 ## $a20260416d2025 k y0pory01030103ba 101 0# $aeng$dpor 102 ## $aPT 105 ## $aa m 000yy 106 ## $ar 200 1# $aAvaliação geriátrica de pesoas idosas propostas para radioterapia$dGeriatric evaluation of older adults proposed for radiotherary$fEdna Darlene Rodrigues Pinto$gorient. Laetitia Costa Teixeira, Escarlata López, Paulo Almeida$eeng 210 #9 $aPorto$c[s.n.],$d2025 215 ## $aXXII, 181, [44] p.$cil.$d30 cm 328 #1 $aTese dout. Gerontologia e Geriatria, Instituto de Ciências Bioméicas de Abel Salazar,
Universidade do Porto, 2025 510 1# $aGeriatric evaluation of older adults proposed for radiotherary$zeng 700 #1 $aPinto,$bEdna Darlene Rodrigues$31995943 702 #1 $aTeixeira,$bLaetitia da Costa$4727$31695637 702 #1 $aLópez,$bEscarlata$4727$31995944 702 #1 $aAlmeida,$bPaulo Alexandre de Matos da Silva$4727$326690 801 #0 $aPT$bBN$gRPC 966 ## $lBN$mFGMON$x1 971 ## $cisantos$d20260416
|
|
|